| 000 | 00436nam a2200157 i 4500 | ||
|---|---|---|---|
| 001 | 41517 | ||
| 003 | ES-MaACL | ||
| 005 | 20230906160439.0 | ||
| 007 | t| | ||
| 008 | 030311s1879 sp ||||1| spa d | ||
| 100 | 1 |
_aCaso, José Indalecio. _936324 |
|
| 245 | 1 | 3 |
_aLa cuestión Cabrera / _cpor José Indalecio Caso. |
| 260 |
_aMadrid : _b[s.n., _c1879] ( _fG. Estrada) |
||
| 300 |
_a446 p., XCV p. ; _c18 cm. |
||
| 852 |
_aES-MaACL _jG-8665 |
||
| 999 |
_c41517 _d41517 |
||